Философия и методология науки: учебное пособие

Podrobná bibliografie
Hlavní autor: Яскевич Я. С. Ядвига Станиславовна
Další autoři: Лукашевич В. К. Владимир Константинович
Shrnutí:Подготовлено в соответствии с программой-минимумом кандидатского экзамена, утвержденной ВАК Республики Беларусь. Рассчитано на углубленное изучение фундаментальных проблем современного философского знания, включая проблемы бытия, человека, общества, социальной динамики, цивилизационного развития. Особое внимание уделяется методологическим проблемам дисциплинарно организованной пауки, техники и социально-гуманитарного знания. Для магистрантов, аспирантов, студентов, занимающихся научной работой, преподавателей высших учебных заведений, научных работников.
Jazyk:ruština
Vydáno: Минск, Изд-во БГЭУ, 2009
Témata:
Médium: MixedMaterials Kniha
KOHA link:https://koha.lib.tpu.ru/cgi-bin/koha/opac-detail.pl?biblionumber=190162

MARC

LEADER 00000nam0a2200000 4500
001 190162
005 20231101224249.0
010 |a 9789854844862 
035 |a (RuTPU)RU\TPU\book\207049 
090 |a 190162 
100 |a 20110118d2009 m y0rusy50 ca 
101 0 |a rus 
102 |a BY 
105 |a y j 001zy 
200 1 |a Философия и методология науки  |e учебное пособие  |f Я. С. Яскевич, В. К. Лукашевич 
210 |a Минск  |c Изд-во БГЭУ  |d 2009 
215 |a 475 с. 
320 |a Библиогр. в конце гл. 
330 |a Подготовлено в соответствии с программой-минимумом кандидатского экзамена, утвержденной ВАК Республики Беларусь. Рассчитано на углубленное изучение фундаментальных проблем современного философского знания, включая проблемы бытия, человека, общества, социальной динамики, цивилизационного развития. Особое внимание уделяется методологическим проблемам дисциплинарно организованной пауки, техники и социально-гуманитарного знания. Для магистрантов, аспирантов, студентов, занимающихся научной работой, преподавателей высших учебных заведений, научных работников. 
606 1 |a Наука  |x Философские проблемы  |x Методология  |x Логика  |2 stltpush  |3 (RuTPU)RU\TPU\subj\45081  |9 64343 
610 1 |a история 
610 1 |a общество 
610 1 |a бытие 
610 1 |a глобальный эволюционизм 
610 1 |a человек 
610 1 |a социальная реальность 
610 1 |a социальная динамика 
610 1 |a цивилизационный процесс 
610 1 |a культура 
610 1 |a познание 
610 1 |a философско-методологический анализ 
610 1 |a научное познание 
610 1 |a инструментарий 
610 1 |a диалектическая логика 
610 1 |a социальные ценности 
610 1 |a естествознание 
610 1 |a техника 
610 1 |a социально-гуманитарное познание 
610 1 |a социальная философия 
610 1 |a постмодернистская философия 
610 1 |a футурология 
610 1 |a глобализация 
610 1 |a техника 
610 1 |a кандидатский экзамен 
610 1 |a учебные пособия 
686 |a Ю25я73  |v LBC/SL-A  |2 rubbk 
700 1 |a Яскевич  |b Я. С.  |g Ядвига Станиславовна 
701 1 |a Лукашевич  |b В. К.  |g Владимир Константинович 
801 1 |a RU  |b 63413507  |c 20110118 
801 2 |a RU  |b 63413507  |c 20150615  |g RCR 
942 |c BK 
959 |a 5/20110118  |d 2  |e 438,90  |f АНЛ:1  |f ЧЗГЛ:1